Datum a čas kvízu
21
Celkem bodů
Celkový počet nahraných bodů na tomto kvízu bez doplňovacích otázek.
9.
Pořadí na kvízu
Konečné umístění týmu na tomto kvízu.
Zaznamenané odpovědi
| # | Otázka | Odpověď | Body | Výsledky |
|---|---|---|---|---|
| 1. | Největší český online prodejce... | Rohlik(.cz), Rabbit (CZ) | 0.5 | |
| 2. | Letadlo ruského ministra zahra... | v Brazílii | 1 | |
| 3. | Brněnská zoo má první letošní... | vlk (hřivnatý) | 0 | |
| 4. | Španělská policie zatkla na ji... | s viagrou (lékem na potenci) | 0 | |
| 5. | 34letý trojnásobný mistr světa... | Peter Sagan | 0 | |
| 6. | Součástí televizního programu... | Hodina pravdy | 0 | |
| 7. | Která veřejně známá osobnost z... | Ladislav Zibura | 0 | |
| 8. | Napište název televizní soutěž... | Kufr | 0 | |
| 9. | V dnešní době je velmi populár... | 1D 2B 3C 4A | 0 | |
| 10. | Kdo z uvedených nikdy nemodero... | D | 1 |